000 00500nam a2200169Ia 4500
999 _c22499
_d22499
003 OSt
005 20200206113649.0
008 190216s9999||||xx |||||||||||||| ||und||
040 _coclc
082 _a297.54
_bHAS/Z
100 _aHasan, Abdulla
_91841
245 0 _aZakath : Thatwavum Prayogavum /
_cAbdulla Hasan
260 _bIslamic Publishing House,
_c2002.
_aKozhikode:
300 _a131p
650 _aIslamic Culture
942 _cBK
_2ddc
_h297.54
_iHAS/Z
_k297.54
_mHAS/Z